| 000 | 00430nam a22001457a 4500 | ||
|---|---|---|---|
| 020 | _a0071180540 | ||
| 040 | _cNUST | ||
| 082 |
_a658.45 _bLOC |
||
| 100 |
_akitty O. Locker _9125203 |
||
| 110 |
_aStephen Kyo Kaczmarek _9125204 |
||
| 245 | _aBusiness Communication Building critical skills | ||
| 260 |
_aUnited State: _bLibrary of Congress, _c2000. |
||
| 650 | _2Business Communication Building critical skills | ||
| 942 |
_2ddc _cBK |
||
| 999 |
_c610975 _d610975 |
||